000 01470nam a2200349 c 4500
003 BLK
005 20250218094409.0
008 180409b bul|||||r ||||||| ||bul||
010 _aKNG00112017000
020 _a954-657-285-3
_bиздат.: ПАН
040 _aBLK
041 _aBUL
_cBUL
080 _aНемска литература
_b821.112.2
_x-93-34
_z821.112.2-93-34
100 _aХофман, Ернст Теодор Амадеус
_d1776-1822
_gНемски писател, композитор, диригент, художник.
_9367399
700 1 _aЛазарова, Десислава
_eпрев.
_9364570
139 _aХофман, Ернст Теодор Амадеус
_bХ 71
245 1 0 _aЛешникотрошачката
_bПриказка
_cЕрнст Теодор Амадеус Хофман; прев. Десислава Лазарова.
257 _aDEU
260 София
_bПАН
_c2004
_fСофия : Балкан прес
300 _a96 с.
_c20 см
380 _aDX
500 _aОриг. загл. Marchen / Ernst Theodor Amadeus Hoffmann. - Офс. изд.
653 _aприказки
653 _aлитература за деца
653 _aдетска литература
852 _aЦб 218787
856 4 _qpdf
_u
856 4 _qpdf
_u
942 _cKNG
_n0
_07
944 _aCR
_c30.03.2004
_k30560
_lГеновева Генчева
944 _aED
_c26.02.2016
_kНора_Радева
999 _c106753
_d106753